Culture générale #3 - Statistiques

Statistiques générales
  • Ce quiz a été pris 1 935 fois
    1 830 depuis la dernière actualisation
  • Le résultat moyen est 6 sur 17
Statistiques - réponses
Question Réponse % Correct
À quelle peur est liée l'arachnophobie ? La peur des araignées
89%
Quelle plante est utilisée dans la préparation du pesto ? Basilic génois
82%
Au États-Unis, quelle femme refusa de céder sa place de bus à un blanc ? Rosa Parks
69%
Dans la mythologie grecque, qui est le dieu du feu, de la forge, de la métallurgie et des volcans ? Héphaïstos
53%
L'Ulster est la région la plus au nord de quelle île ? Irlande
51%
Quelle capitale est géographiquement la plus proche du Caire à vol d'oiseau ? Jérusalem
43%
Comment s'appelle le héro du roman Le Rouge et le Noir de Stendhal ? Julien Sorel
38%
Comment écrit-on dix en allemand ? Zehn
33%
L'Épiscopale, aussi appellée Gasparine, est une variété de quel fruit ? Poire
28%
Quel révolutionnaire fut assassiné à Mexico le 21 août 1940 ? Léon Trotski
22%
Quelle particule élémentaire a été révélée grâce à un accélérateur de particules en 2012 ? Boson de Higgs
20%
Quel rappeur a sortit l'album Me Against the World en 1995 ? Tupac Shakur
19%
Quel sport populaire voit au Sénégal s'affronter Yékini, Balla Gaye 2, Tyson ou encore Bombardier ? Lutte sénégalaise
16%
Quel est le nom du caractère typographique / ? Barre oblique
13%
Quel empereur unifia la Chine en 221 av. J.-C. ? Qin Shi Huang
7%
Quel peintre de la renaissance a créé des fresques murales au couvent San Marco à Florence ? Fra Angelico
4%
Dans la tradition musulmane, dans quel endroit Mahomet reçoit de l'archange Gabriel les premiers versets du Coran ? La grotte de Hira
3%
Aucun quiz correspondant
Distribution des résultats
% des personnes avec chaque résultat
Percentile par nombre de réponses
Votre historique - résultats
Vous n’avez pas pris ce quiz depuis la dernière actualisation